Dove giocava nel 2010-2011? - Quiz n°40 - Statistics

Statistiche generali
  • Questo quiz è stato fatto 15 volte
  • Il punteggio medio è 7 su 10
Statistiche sulle risposte
Hint Risposta % Corretto
Daniele Padelli Bari
92%
Fabio Quagliarella Juventus
92%
Luis Antonio Valencia Manchester United
85%
Robin van Persie Arsenal
77%
Raúl García Atlético Madrid
77%
Jonathan Santos
77%
Roman Weidenfeller Borussia Dortmund
62%
Victor Lindelöf Västerås SK
54%
Michael Bradley Borussia Mönchengladbach
46%
Marcel Sabitzer Admira Wacker Mödling
38%
Nessun quiz corrispondente trovato
Distribuzione punteggi
Percentuale di utenti per punteggio
Percentile per numero di risposta
I tuoi punteggi nel tempo
Non hai fatto questo quiz